| Tag |
First Indicator |
Second Indicator |
Subfields |
| LEADER |
00000cam a22000001a 4500 |
| 001 |
in00003333855 |
| 005 |
20190404200210.0 |
| 006 |
m d f |
| 007 |
cr bn mmmapmmp |
| 008 |
110909s2005 dcua ob f001 0 eng d |
| 035 |
|
|
|a chdc200500902
|
| 040 |
|
|
|a ProQuest
|c ProQuest
|d UtOrBLW
|
| 043 |
|
|
|a n-us---
|
| 074 |
|
|
|a 1033
|
| 074 |
|
|
|a 1033 (online)
|
| 074 |
|
|
|a 1033-A (MF)
|
| 074 |
|
|
|a 1033-A (online)
|
| 099 |
|
|
|a HRG-2005-SAP-0022
|
| 110 |
1 |
|
|a United States.
|b Congress.
|b Senate.
|b Committee on Appropriations.
|b Subcommittee on Defense.
|
| 245 |
1 |
0 |
|a Department of Defense appropriations for fiscal year 2006 :
|b hearings before a subcommittee of the Committee on Appropriations, United States Senate, One Hundred Ninth Congress, first session, on H.R. 2863, an act making appropriations for the Department of Defense for the fiscal year ending September 30, 2006, and for other purposes.
|
| 246 |
1 |
4 |
|a Department of Defense appropriations, fiscal year 2006
|
| 246 |
1 |
8 |
|a Department of Defense appropriations, 2006 (H.R. 2863)
|
| 264 |
|
1 |
|a Washington :
|b U.S. G.P.O. :
|c 2005.
|
| 264 |
|
2 |
|a Washington :
|b For sale by the Supt. of Docs., U.S. G.P.O.,
|
| 300 |
|
|
|a 1 online resource.
|
| 336 |
|
|
|a text
|b txt
|2 rdacontent
|
| 337 |
|
|
|a computer
|b c
|2 rdamedia
|
| 338 |
|
|
|a online resource
|b cr
|2 rdacarrier
|
| 490 |
1 |
|
|a S. hrg. ;
|v 109-130
|
| 500 |
|
|
|a "Department of Defense, nondepartmental witnesses."
|
| 500 |
|
|
|a "Printed for the use of the Committee on Appropriations."
|
| 500 |
|
|
|a Distributed to some depository libraries in microfiche.
|
| 500 |
|
|
|a Shipping list number: 2006-0054-P.
|
| 530 |
|
|
|a Also available via Internet from the GPO Access web site. Address as of 11/28/05: http://frwebgate.access.gpo.gov/cgi-bin/getdoc.cgi?dbname=109%5Fsenate%5Fhearings&docid=f:99854.pdf; current access is available via PURL.
|
| 504 |
|
|
|a Includes bibliographical references and indexes.
|
| 500 |
|
|
|a Reuse of record except for individual research requires license from ProQuest, LLC.
|
| 500 |
|
|
|a Electronic resource.
|
| 538 |
|
|
|a System requirements: PDF reader software.
|
| 610 |
1 |
0 |
|a United States.
|b Department of Defense
|x Appropriations and expenditures.
|
| 651 |
|
0 |
|a United States
|x Armed Forces
|x Appropriations and expenditures.
|
| 651 |
|
0 |
|a United States
|x Appropriations and expenditures, 2006.
|
| 655 |
|
7 |
|a Electronic books.
|2 local
|
| 710 |
2 |
|
|a ProQuest (Firm)
|
| 776 |
0 |
8 |
|i Print version:
|a United States.Congress.Senate.Committee on Appropriations.Subcommittee on Defense.
|t Department of Defense appropriations for fiscal year 2006
|w (DLC)2006360562
|w (OCoLC)ocm62100182
|z 0160739861
|
| 776 |
0 |
8 |
|i Microfiche version:
|a United States.Congress.Senate.Committee on Appropriations.Subcommittee on Defense.
|t Department of Defense appropriations for fiscal year 2006
|d [Bethesda, Md.] : ProQuest LLC, [2004]
|o CIS 2005 S181-30
|w (ProQuest)cis00501875
|
| 810 |
1 |
|
|a United States.
|b Congress.
|b Senate.
|t S. hrg. ;
|v 109-130.
|
| 830 |
|
0 |
|a U.S. Congressional Hearings.
|
| 856 |
4 |
0 |
|u http://proxy.library.tamu.edu/login?url=http://congressional.proquest.com/congcomp/getdoc?HEARING-ID=HRG-2005-SAP-0022
|z Connect to the full text of this electronic book
|t 0
|
| 998 |
|
|
|a cis00501875
|
| 999 |
|
|
|a MARS
|
| 999 |
f |
f |
|s f8f2ec5f-f795-3265-9930-569460fbea91
|i cd4dece9-fd6c-335b-9b52-00b384eff3f2
|t 0
|
| 952 |
f |
f |
|a Texas A&M University
|b College Station
|c Electronic Resources
|d Available Online
|t 0
|e HRG-2005-SAP-0022
|h Other scheme
|
| 998 |
f |
f |
|a HRG-2005-SAP-0022
|t 0
|l Available Online
|